H.R. 3535, to amend the Magnuson-Stevens Fishery Conservation and Management Act to eliminate the wasteful and unsportsmanlike practice of shark finning : hearing before the Subcommittee on Fisheries, Conservation, Wildlife, and Oceans of the Committee on Resources, House of Representatives, One Hundred Sixth Congress, second session, April 13, 2000, Washington, DC.

Bibliographic Details
Corporate Authors: United States. Congress. House. Committee on Resources. Subcommittee on Fisheries Conservation, Wildlife, and Oceans, ProQuest (Firm)
Format: Government Document eBook
Language:English
Published: Washington : U.S. G.P.O. : 2000 [i.e. 2001]
Series:U.S. Congressional Hearings.
Subjects:
Online Access:Connect to the full text of this electronic book

MARC

Tag First Indicator Second Indicator Subfields
LEADER 00000cam a22000001a 4500
001 in00003261221
006 m d f
007 cr bn mmmapmmp
008 090922s2000 dcua o f000 0 eng d
005 20260504145943.0
035 |a cis2007472629 
040 |a UMI  |c UMI  |d UtOrBLW 
043 |a n-us--- 
074 |a 1023-A 
074 |a 1023-A (online) 
074 |a 1023-B (MF) 
074 |a 1023-B (online) 
086 0 |a Y 4.R 31/3:106-90 
088 |a Serial no. 106-90 (United States. Congress. House. Committee on Resources) 
099 |a HRG-2000-HRC-0017 
110 1 |a United States.  |b Congress.  |b House.  |b Committee on Resources.  |b Subcommittee on Fisheries Conservation, Wildlife, and Oceans. 
245 1 0 |a H.R. 3535, to amend the Magnuson-Stevens Fishery Conservation and Management Act to eliminate the wasteful and unsportsmanlike practice of shark finning :  |b hearing before the Subcommittee on Fisheries, Conservation, Wildlife, and Oceans of the Committee on Resources, House of Representatives, One Hundred Sixth Congress, second session, April 13, 2000, Washington, DC. 
246 3 |a HR 3535, to amend the Magnuson-Stevens Fishery Conservation and Management Act to eliminate the wasteful and unsportsmanlike practice of shark finning 
264 1 |a Washington :  |b U.S. G.P.O. :  |c 2000 [i.e. 2001] 
264 2 |a Washington :  |b [U.S. G.P.O., Supt. of Docs., Congressional Sales Office, distributor], 
300 |a 1 online resource. 
336 |a text  |b txt  |2 rdacontent 
337 |a computer  |b c  |2 rdamedia 
338 |a online resource  |b cr  |2 rdacarrier 
500 |a Record is based on bibliographic data in ProQuest Congressional Hearings Digital Collection. Reuse except for individual research requires license from ProQuest, LLC. 
538 |a System requirements: PDF reader software. 
500 |a Electronic resource. 
650 0 |a Sharks  |x Law and legislation  |z United States. 
650 0 |a Shark industry  |x Law and legislation  |z United States. 
650 0 |a Fishery law and legislation  |z United States. 
655 7 |a Electronic books.  |2 local 
710 2 |a ProQuest (Firm) 
776 0 8 |i Print version:  |a United States. Congress. House. Committee on Resources. Subcommittee on Fisheries Conservation, Wildlife, and Oceans.  |t H.R. 3535, to amend the Magnuson-Stevens Fishery Conservation and Management Act to eliminate the wasteful and unsportsmanlike practice of shark finning  |w (DLC)2001337817  |w (OCoLC)ocm46392907 
776 0 8 |i Microfiche version:  |a United States. Congress. House. Committee on Resources. Subcommittee on Fisheries Conservation, Wildlife, and Oceans.  |t H.R. 3535, to amend the Magnuson-Stevens Fishery Conservation and Management Act to eliminate the wasteful and unsportsmanlike practice of shark finning.  |d [Bethesda, Md.] : ProQuest,[2004]  |o CIS 2001 H651-6  |w (ProQuest)cis00100812 
830 0 |a U.S. Congressional Hearings. 
856 4 0 |u http://proxy.library.tamu.edu/login?url=https://congressional.proquest.com/congcomp/getdoc?HEARING-ID=HRG-2000-HRC-0017  |z Connect to the full text of this electronic book  |t 0 
998 |a cis00100812 
999 |a MARS 
999 f f |s f92271d2-1e47-3811-bb8b-f2d3f1c3ee09  |i 18344515-b7e3-3cfb-be2e-81ef80cbafac  |t 0 
952 f f |a Texas A&M University  |b College Station  |c Electronic Resources  |s www_evans  |d Available Online  |t 0  |e HRG-2000-HRC-0017  |h Other scheme 
998 f f |a HRG-2000-HRC-0017  |t 0  |l Available Online